000 01239nam a2200325 4500
001 394
003 OSt
005 20250414160234.0
008 250414b |||||||e |||| 00| 0 eng d
020 _a9788502029002
040 _bpor
041 _hpor
082 _a150.7
_bB665p
100 _aBock, Ana Mercês Bahia
_d1952-
_9830
245 _aPsicologias :
_bUma introdução ao estudo de psicologia /
_cBock, Ana Mercês Bahia
250 _a14° edição
260 _aSão Paulo
_bSaraiva
_c2008
300 _a367 p.
520 _aPsicologias é uma introdução ao estudo da Psicologia, que é apresentada em seus vários aspectos: sua história, as abordagens teóricas, os temas básicos, as áreas de conhecimento, as principais características da profissão, os temas cotidianos, vistos sobre a ótica da Psicologia.
650 0 _aPsicologia
_9831
650 0 _aÁreas da Psicologia
_9832
650 0 _aPsicologia aplicada ao cotidiano
_9833
650 0 _aEstudos introdutórios em Psicologia
_9834
655 0 _aNão Ficção
_9102
655 0 _aTécnico-científico
_9835
655 0 _aLivro Didático
_9472
700 1 _aFurtado, Odair.
_9836
700 1 _aTrassi, Maria de Lourdes,
_d1951-
_9837
942 _2ddc
_n0
_cBK
999 _c394
_d394